Surveying : (Record no. 78178)

MARC details
000 -LEADER
fixed length control field 00824nam a22002537a 4500
003 - CONTROL NUMBER IDENTIFIER
control field URS
005 - DATE AND TIME OF LATEST TRANSACTION
control field 20240418211732.0
008 - FIXED-LENGTH DATA ELEMENTS--GENERAL INFORMATION
fixed length control field 231002t2022 |||||||| |||| 00| 0 eng d
020 ## - INTERNATIONAL STANDARD BOOK NUMBER
International Standard Book Number 9789350146552
040 ## - CATALOGING SOURCE
Transcribing agency URS
Original cataloging agency erda
050 14 - LIBRARY OF CONGRESS CALL NUMBER
Classification number TA 545
Item number C3611 2022
100 1# - MAIN ENTRY--PERSONAL NAME
Personal name Chandak, Narayan R.
245 10 - TITLE STATEMENT
Title Surveying :
Remainder of title fundamentals and advance practices /
Statement of responsibility, etc. by Dr. Narayan R. Chandak, Prof. Hemraj R. Kumavat.
250 ## - EDITION STATEMENT
Edition statement Second edition.
264 ## - PRODUCTION, PUBLICATION, DISTRIBUTION, MANUFACTURE, AND COPYRIGHT NOTICE
Place of production, publication, distribution, manufacture New Delhi :
Name of producer, publisher, distributor, manufacturer S.K. Kataria & Sons
Date of production, publication, distribution, manufacture, or copyright notice 2022.
300 ## - PHYSICAL DESCRIPTION
Extent v, 488 pages :
Other physical details illustrations (some coloured) ;
Dimensions 24 cm
336 ## - CONTENT TYPE
Source rdacontent
Content type term text
337 ## - MEDIA TYPE
Source rdamedia
Media type term rdamedia
338 ## - CARRIER TYPE
Source rdacarrier
Carrier type term volume
504 ## - BIBLIOGRAPHY, ETC. NOTE
Bibliography, etc. note Includes bibliographical references and index.
650 #0 - SUBJECT ADDED ENTRY--TOPICAL TERM
Topical term or geographic name entry element Surveying .
700 1# - ADDED ENTRY--PERSONAL NAME
Personal name Kumavat, Hemraj R.
Relator term author
942 ## - ADDED ENTRY ELEMENTS (KOHA)
Source of classification or shelving scheme Library of Congress Classification
Koha item type Foreign Books
Holdings
Withdrawn status Source of classification or shelving scheme Damaged status Not for loan Home library Current library Shelving location Date acquired Total Checkouts Full call number Barcode Date last seen Price effective from Koha item type
  Library of Congress Classification     Tanay College Library Tanay College Library Reserve Section 09/19/2023   TA 545 C3611 2022 URSTAN-N3422 10/04/2023 10/04/2023 Foreign Books

University of Rizal System
Email us at univlibservices@urs.edu.ph

Visit our Website www.urs.edu.ph/library